000 00530nam a2200181Ia 4500
005 20250508150423.0
008 008 250505s9999 xx 000 0 eng d
037 _aTextual
040 _aFEDL
_beng
_cFEDL
041 _aeng
_2eng
084 _a420.7, BRA
_qFEDL
100 _aBracken Grace H
_9756649
245 0 _aTeaching of English in secondary schools for girls
260 _aLondon, UK
_bUniversity of London Press
_c1924
300 _axxxi,238p
942 _cTEXL
_h420.7, BRA
999 _c1323546
_d1323546